Państwa graniczące z Chinami - Statystyki

Ogólne statystyki
  • Ten quiz został rozwiązany 55 razy
  • Średni wynik to 12 z 14
Statystyki odpowiedzi
Hint Odpowiedź % Poprawnych
4677km Mongolia
100%
1416km Korea Północna
98%
3645km Rosja
96%
3380km Indie
94%
1236km Nepal
94%
1533km Kazachstan
91%
423km Laos
81%
1281km Wietnam
81%
523km Pakistan
77%
414km Tadżykistan
77%
470km Bhutan
74%
858km Kirgistan
74%
76km Afganistan
68%
2185km Mjanma
68%
Nie znaleziono quizów pasujących do podanych kryteriów
Rozkład punktacji
Procent ludzi z każdym wynikiem
Percentyl według liczby udzielonych odpowiedzi
Twoja historia wyników
Nie rozwiązałeś tego quizu